[Event "Grand Slam Final 5th"]
[Site "Sao Paulo/Bilbao"]
[Date "2012.10.11"]
[Round "8"]
[White "Anand, Viswanathan"]
[Black "Caruana, Fabiano"]
[Result "1/2-1/2"]
[WhiteElo "2780"]
[BlackElo "2773"]
[Annotator "Krasenkow,M"]
[PlyCount "90"]
[EventDate "2012.09.24"]
[EventType "tourn"]
[EventRounds "10"]
[EventCountry "BRA"]
[EventCategory "22"]
[SourceTitle "CBM 151"]
[Source "ChessBase"]
[SourceDate "2012.11.13"]
[SourceVersion "1"]
[SourceVersionDate "2012.11.13"]
[SourceQuality "1"]

1. d4 Nf6 2. c4 g6 3. f3 d5 4. cxd5 Nxd5 5. e4 Nb6 6. Nc3 Bg7 7. Be3 Nc6 {
A rare continuation, considered (perhaps undeservedly) second-rate. It was
examined in annotations to Mamedyarov-Kamsky by GM Igor Stohl - see his survey
in CBM 149.} 8. d5 (8. Bb5 $5) 8... Ne5 (8... Nb8 9. a4 $5) 9. Bd4 (9. f4 Ng4
10. Bb5+ (10. Bd4 Nf6 $6 (10... O-O {- game}) (10... Bxd4 $5 11. Qxd4 O-O) (
10... e5 $5) 11. Bb5+ Bd7 12. Bxd7+ Qxd7 13. Nf3 O-O 14. O-O c6 15. dxc6 Qxc6
16. Qe1 Rfd8 17. Rc1 $14 {1-0 Gelfand,B (2736)-Timofeev,A (2631)/Eilat ISR
2012/The Week in Chess 937 (33)}) 10... Bd7 11. Bd4 (11. Qxg4 Bxc3+ 12. bxc3
Bxb5 13. Bd4 Rf8 14. a4 Nxa4 15. Qd1 Nb6 16. Nf3 Qd6 17. Be5 Qd7 $13 {Gupta,A 
(2652)-Zhu,C (2472)/Caleta/2012/ (23)}) 11... Bxd4 12. Qxd4 O-O 13. Be2 Nf6 $5
14. a4 a5 15. Bf3 c6 16. Nge2 cxd5 17. e5 Ne4 18. Nxd5 Nxd5 19. Qxd5 Bc6 $132 {
1/2 Khismatullin,D (2584)-Yandemirov,V (2520)/Sochi 2006/CBM 111 ext (51)})
9... O-O 10. f4 Ng4 (10... Bg4 11. Be2 Bxe2 12. Ngxe2 Ng4 13. Bxg7 Kxg7 14.
Qd4+ Nf6 {Laurentius,L-Alexander,C/Warsaw olm/1935/} 15. Rd1 $36 {[%csl Gd5,
Ge4,Gf4] I.Stohl}) (10... c5 $6 11. Bxc5 $1 Nec4 12. e5 f6 {Nikcevic,N (2459)
-Sarthou,G (2385)/Creteil/2002} 13. Qb3 Na5 14. Qa3 Nxd5 15. Rd1 $16) 11. Nf3 (
11. h3 $6 e5 $1 12. Bxb6 Qh4+ 13. g3 Qxg3+ 14. Kd2 axb6 15. hxg4 exf4 16. Qf3
Bxg4 17. Qxg3 fxg3 $15 {A.Mikhalchishin}) (11. Bxg7 {is the most popular move
but, surprisingly, White doesn't get too much:} Kxg7 12. Be2 {Probably the
right way to play but still not very promising.} (12. Qd4+ {is a bit premature:
} Nf6 (12... f6 13. h3 (13. Nf3 e5 14. dxe6 Qe7 $5 15. f5 (15. h3 Rd8 $132)
15... Rd8 16. Nd5 Nxd5 17. exd5 gxf5 18. O-O-O c6 $132 {0-1 Goganov,A (2525)
-Yandemirov,V (2398)/Kazan RUS 2012 (28)}) 13... e5 14. Qd2 Nh6 15. fxe5 fxe5
16. Nf3 Nf7 17. Be2 Bd7 18. O-O Qe7 19. Rf2 c6 20. Raf1 $14 {1/2 Svetushkin,D 
(2514)-Ionescu,D (2377)/Bucharest 2005/CBM 108 ext (62)}) (12... Kg8 $5 13. Nf3
(13. h3 Nf6 14. Nf3 e6 15. O-O-O exd5 16. exd5 {1/2 Cebalo,M (2476)-Bentivegna,
F (2324)/Bratto 2009/CBM 132 Extra (99)} Qd6 $11 17. Nb5 $140 Qe7) 13... e6 14.
O-O-O exd5 15. exd5 Re8 16. Bb5 Bd7 17. Bxd7 Nxd7 18. Rhe1 Qf6 $11 {1-0 Varga,
P (2478)-Isepy,J (2282)/Sarospatak 2003/EXT 2005 (33)}) 13. Nf3 (13. O-O-O c6 (
13... e6 $5 14. g4 c5 15. Qxc5 Nxg4 16. dxe6 Qf6 $132 {I.Stohl}) 14. h3 (14.
dxc6 Qxd4 15. Rxd4 bxc6 16. Nf3 Bb7 17. Rd2 c5 $132) 14... Qc7 (14... cxd5 $142
$5 15. e5 Ne8 16. g4 $44 {I.Stohl}) 15. Qe5 Qxe5 16. fxe5 Nfd7 17. Nf3 $14 {
1/2 Mamedyarov,S (2725)-Kamsky,G (2720)/Nalchik 2009/CBM 149/[Stohl,Igor] (43)}
) 13... e6 {is even simpler:} (13... c6 14. dxc6 (14. O-O-O Bg4 15. dxc6 Bxf3
16. gxf3 bxc6 17. Qxd8 Raxd8 18. Rxd8 Rxd8 19. Ba6 Nh5 20. Ne2 Kf6 $11 {
1/2 Yang,D (2432)-Kudrin,S (2543)/Philadelphia 2011/CBM 143 Extra (48)}) 14...
Qxd4 15. Nxd4 bxc6 16. Be2 c5 17. Nb3 c4 18. Na5 Be6 19. O-O-O Rac8 20. Bf3
Nfd7 21. f5 {1/2 Dreev,A (2676)-Smirin,I (2676)/Biel 2002/CBM 091}) 14. O-O-O
exd5 15. e5 (15. exd5 Qd6 16. Be2 Rd8 17. Rd2 Nbxd5 18. Nxd5 Qc6+ 19. Qc3 Rxd5
20. Qxc6 bxc6 21. Rc2 Rd6 $15 {1/2 Postny,E (2563)-Boros,D (2401)/Budapest
2004/EXT 2005 (59)}) 15... Ng8 16. h4 {1-0 Jakab,A (2354)-Csaszar,G (2075)/
Budapest 2000/EXT 2001 (22)} h5 $13) (12. a4 a5 13. Qd4+ Nf6 14. Be2 e6 15. g4
$6 c5 16. Qxc5 exd5 $17 {1/2 Hermesmann,H (2122)-Bruemmel,A (2287)/Travemuende
2002/EXT 2004 (34)}) 12... e5 $5 (12... Nf6 13. Nf3 $1 (13. Qd4 e6 $1 14. O-O-O
exd5 15. exd5 (15. e5 $5 Ne8 16. g4 Qe7 {[%cal Gc7c5]} 17. Nxd5 Nxd5 18. Qxd5
f6 $13 {V.Golod}) 15... Re8 $1 16. Bf3 Kg8 17. Nge2 Qe7 18. h3 Bd7 19. Rhe1 c5
$1 $132 {0-1 Bykhovsky,A (2481)-Golod,V (2523)/Modiin 2002/CBM 092/[Golod,V] 
(25)}) 13... c6 (13... e6 $5 14. dxe6 Bxe6 15. O-O) 14. dxc6 bxc6 15. O-O $14 {
1/2 Piazzini,L-Castillo Larenas,M/Buenos Aires 1935/HCL (48)}) 13. Bxg4 Qh4+
14. g3 Qxg4 15. Qxg4 (15. fxe5 Qxd1+ 16. Nxd1 Re8 17. Nf3 Bg4 18. O-O Bxf3 19.
Rxf3 Rxe5 $15 {1/2 Bykhovsky,A (2481)-Tyomkin,D (2482)/Tel Aviv 2002/CBM 092/
[Tyomkin,D] (31)}) 15... Bxg4 16. h3 Bd7 17. Nf3 exf4 18. gxf4 Rae8 19. O-O-O
f6 $13 {[%cal Ge8e7,Gf8e8,Gb6c4,Yc4d6] D.Tyomkin}) 11... Nf6 $146 {I don't
like this move. Black is constricted so he should not avoid exchanges.} (11...
c5 $6 12. Bxg7 Kxg7 13. Qd2 e6 14. d6 $16 {1-0 Benitah,Y (2421)-Lagarde,M 
(2200)/Aix les Bains 2007/CBM 120 ext (45)}) (11... Bxd4 $5 12. Qxd4 {- see 11.
Bxg7 Kxg7 12.Qd4+ Kg8 13.Nf3}) 12. Qd2 {Probably not the best plan.} (12. a4 $5
) (12. Be2 $5 e6 13. dxe6 Bxe6 14. O-O) 12... e6 13. dxe6 Bxe6 14. O-O-O c5 $1
{A good equalising idea.} 15. Be5 (15. Bxc5 Qxd2+ 16. Nxd2 (16. Rxd2 Rfc8 17.
Bxb6 axb6 {[%csl Ra2,Re4]}) (16. Kxd2 Rfc8 17. Bxb6 axb6 18. e5 Nd5 19. Nxd5
Bxd5 20. a3 Bxf3 21. gxf3 Bh6 $36 {[%csl Rd2]}) 16... Rfc8 17. Bd4 Nh5 18. Bxg7
Kxg7 19. f5 Bxa2 $11) 15... Qxd2+ 16. Rxd2 Rfd8 (16... Ng4 $5) 17. Bd3 Ng4 (
17... Nh5 $1 18. g3 Bg4 19. Bxg7 Bxf3 20. Rf1 Nxg7 21. Rxf3 Ne6 $11) 18. Bxg7
Kxg7 19. Re1 Bc4 20. h3 Nf6 21. Red1 Re8 22. Bc2 Nh5 23. f5 gxf5 24. exf5 (24.
b3 $142 Ba6 (24... fxe4 $6 25. Nxe4) 25. exf5 $14 {White's pieces are placed
better so he keeps some chances.}) 24... Ng3 25. Rd6 (25. b3 {is too late due
to} Ne2+ $11) 25... f6 26. Nd2 Bf7 27. a4 Bh5 28. Rg1 Rad8 29. Nde4 Rxd6 30.
Nxd6 {[%mdl 4096]} Re5 31. Nde4 $6 (31. Nxb7 Nd5 $1 32. Bd3 Nxc3 33. bxc3 Be2
34. Bc2 Bf1 {[%csl Rg1]}) (31. Kb1 Nd5 32. Nxd5 Rxd5 33. Nxb7 c4 $44 {[%csl
Rb7]}) (31. Bd1 $1 Bxd1 32. Rxd1 Nxf5 33. Nxb7 $11) 31... Nxe4 32. Nxe4 Be8 33.
Nc3 Bc6 $15 {Black has taken over the initiative; now his pieces are more
active.} 34. g4 $6 (34. b3 $142 {[%cal Yc1d2]} Re3 35. Kd2 Rg3 36. Ne2 Rxg2 37.
Rxg2+ Bxg2 38. Nf4) 34... Nc4 $6 {It was more essential to activate the rook
rather than the knight:} (34... Re3 $1 35. h4 Rh3 {, and White is in a big
trouble.}) 35. Bd3 Ne3 (35... Na5 $1 {was still very strong.}) 36. Rg3 b6 37.
Kd2 Nd5 {The knight has to ungloriously retreat; meanwhile, White has
consolidated his position.} 38. Bb5 Nxc3 39. Rxc3 Bxb5 40. axb5 c4 41. Rxc4
Rxb5 42. Rc7+ Kg8 43. Kc3 a5 44. Rc8+ Kf7 45. Rc7+ Kg8 1/2-1/2

[Event "Bucharest Kings 6th"]
[Site "Bucharest"]
[Date "2012.11.07"]
[Round "1"]
[White "Topalov, Veselin"]
[Black "Caruana, Fabiano"]
[Result "1/2-1/2"]
[WhiteElo "2769"]
[BlackElo "2786"]
[Annotator "Krasenkow,M"]
[PlyCount "119"]
[EventDate "2012.11.07"]
[EventType "tourn"]
[EventRounds "6"]
[EventCountry "ROU"]
[EventCategory "20"]
[SourceTitle "CBM 152"]
[Source "ChessBase"]
[SourceDate "2013.01.15"]
[SourceVersion "1"]
[SourceVersionDate "2013.01.15"]
[SourceQuality "1"]

1. Nf3 Nf6 2. c4 g6 3. Nc3 d5 4. cxd5 Nxd5 5. Qb3 Nb6 6. d4 Bg7 7. e4 Bg4 8.
Bb5+ c6 9. Ng5 O-O 10. Be2 Bxe2 11. Nxe2 {This line, which has gained some
popularity this year, was examined in CBM 147, annotations to Aronian - Navara.
} e5 (11... h6 12. Nf3 N8d7 13. Be3 Re8 14. Rd1 Qc7 15. Bf4 Qc8 16. O-O Nf8 17.
Nc3 Qe6 18. Qc2 Rad8 19. a4 Qc8 20. b3 $14 {1-0 Bernasek,J (2487)-Shishkin,V 
(2485)/Brno CZE 2012/The Week in Chess 931 (50)}) (11... Na6 12. Qh3 $5 (12.
Be3 Qd6 13. O-O Qb4 $1 14. Qxb4 (14. Qc2 $142 Qc4 15. Rfc1 Qxc2 16. Rxc2 e5 17.
dxe5 Bxe5 18. a3 $11) 14... Nxb4 {[%cal Rb4c2]} 15. Rfc1 e5 $1 $15 {0-1
Aronian,L (2805)-Navara,D (2712)/Wijk aan Zee 2012/CBM 147/[Krasenkow] (60)})
12... h6 13. Nf3 Qd7 14. Qh4 h5 (14... g5 15. Bxg5 hxg5 16. Nxg5 $44) 15. h3 c5
16. g4 cxd4 17. gxh5 $13 {0-1 Fressinet,L (2714)-Sutovsky,E (2687)/Istanbul
2012/CBM 151/[Ftacnik,L] (37)}) 12. dxe5 $146 {[%mdl 8] This move itself is
quite obvious but GM Veselin Topalov's idea is very interesting.} ({The attack
started with} 12. Qh3 {was unsuccessful in the following game:} h6 13. Nf3 exd4
14. Bxh6 Re8 15. O-O-O (15. O-O $5 c5 16. Rac1) 15... c5 16. Ng5 Qd7 17. Qh4 f6
18. Bxg7 Qxg7 19. Nh3 Nc6 $17 {0-1 Navara,D (2706)-Svidler,P (2741)/Prague
2012/CBM 149 (41)}) 12... h6 (12... Bxe5 $2 13. Qh3 h5 14. Ne6 $1 {winning a
pawn.}) 13. Nh3 $5 (13. Nf3 {is more natural although after} N8d7 {Black
should gradually equalise, e.g.} 14. O-O (14. e6 $6 Nc5 15. exf7+ Rxf7 16. Qc2
Nd3+ 17. Kf1 c5 $44) (14. Nf4 Kh7) 14... Qe7 15. a4 (15. Bf4 Nxe5 16. Nxe5 Bxe5
17. Bxh6 Qh4 18. f4 Qxh6 19. fxe5 Rae8) 15... Nxe5 16. Nxe5 Qxe5 17. a5 Nd7 18.
Qxb7 Qxe4 19. Qxd7 Qxe2 {etc.}) 13... N8d7 14. f4 {An ambitious attempt. White
holds his pawn but leaves his king in the centre.} Nc5 15. Qc2 Nd3+ 16. Kf1 f5
(16... c5 {was played in a later game but White managed to consolidate his
position:} 17. Nf2 c4 18. Be3 Qd7 19. Rd1 Rfd8 20. Nc3 Qc6 21. Ke2 Nb4 22. Qb1
Na4 23. a3 Nxc3+ 24. bxc3 Nd3 25. Nxd3 cxd3+ 26. Rxd3 $16 {1-0 Lupulescu,C 
(2613)-Nyback,T (2598)/Bremen GER 2012/The Week in Chess 940 (48)}) 17. exf6
Rxf6 18. Be3 $6 (18. Nf2 Nxf2 19. Kxf2 Qe7 20. Rf1 (20. g3 Re8 21. Nc3 g5 $1
22. f5 $6 Rf7 {[%csl Re4][%cal Rg7c3]}) 20... Re8 21. Ng3 {[%cal Yf2g1]} h5 $1
$132) (18. a4 $5 {[%cal Ra4a5]}) 18... Rf7 $2 ({Surprisingly,} 18... Nxb2 $1 {
was possible at once:} 19. e5 (19. Bd4 N2c4 20. Bxf6 $2 Qxf6 {[%cal Rf6a1,
Rc4e3]}) 19... N6c4 20. Bd4 c5 $5 ({well,} 20... Qxd4 21. Nxd4 Ne3+ 22. Kf2
Nxc2 23. Nxc2 Rf7 $15 {is good enough}) 21. exf6 (21. Bxc5 $2 Rc6) 21... cxd4
22. Qxg6 Qxf6 23. Qxf6 Bxf6 $36) 19. Rd1 Rd7 20. Nf2 $1 Nxb2 21. Rxd7 Qxd7 22.
Bc1 $2 {[%mdl 2048] Both players start committing mistakes in complications.} (
22. e5 $1 N2c4 (22... N6c4 23. Bc1) 23. Bxb6 Nxb6 24. Qxg6 $16) 22... N6c4 $2 {
[%csl Rb2,Rc4]} (22... N2c4) 23. h4 (23. e5 $5 Rd8 24. Qxg6 Nd1 25. h3 $16)
23... b5 24. Rh3 (24. e5 $1 $16 {[%cal Rc2g6]}) 24... Rd8 25. Rg3 Nd1 26. e5 $1
Qf5 27. Qxf5 gxf5 {[%mdl 4096]} 28. Rg6 (28. Nd3 $1 {[%cal Rf1e1]} Nde3+ 29.
Bxe3 Rxd3 30. Bxa7 $16) ({If White preferred to play for a positional
advantage rather than win a pawn, then} 28. h5 {was more appropriate.}) 28...
Nce3+ (28... Nde3+ $5 29. Kg1 c5) 29. Kg1 c5 30. Ng3 Kf7 31. Ra6 Bf8 32. Rxa7+
Be7 {Black has considerably improved the position of his pieces.} 33. Nxd1 (33.
h5 $5 Ke8 34. Ra6) 33... Rxd1+ 34. Kf2 Ng4+ 35. Ke2 Rxc1 36. Nxf5 Ke6 37. Nxe7
h5 {White has won a second pawn but Black is now even more active.} 38. Nc8 c4
$6 (38... Rc2+ $142 39. Kd3 Rxg2) 39. Nd6 (39. Ra6+ $1 Kd5 (39... Kf5 40. Kd2
$1 Rg1 41. e6 Rxg2+ 42. Kc3) 40. Rd6+ Kc5 41. Ne7 {was the best way to keep
the position alive.}) 39... Rc2+ 40. Kf3 Rc3+ 41. Ke4 Re3+ 42. Kd4 Rd3+ 43. Kc5
c3 44. Rc7 c2 45. Kxb5 Ne3 {A third pawn has gone but the threat of losing the
rook for the c2-pawn forces a liquidation into a drawish endgame.} 46. f5+ ({Or
} 46. Rc6 Ke7 47. Nf5+ Nxf5 48. Rxc2 Nxh4 {, and Black should not lose.}) 46...
Kxe5 47. Nc4+ Nxc4 48. Rxc4 Rd5+ 49. Kc6 Rd6+ 50. Kc7 Rd2 51. a4 Rd4 52. Rc5+
Kf6 53. a5 Rd5 54. Rc6+ Kxf5 55. a6 Ra5 $1 56. Kb6 Ra2 57. a7 Rb2+ 58. Kc7 Ra2
59. Kb7 Rb2+ 60. Kc7 1/2-1/2

[Event "Bucharest Kings 6th"]
[Site "Bucharest"]
[Date "2012.11.09"]
[Round "3"]
[White "Ivanchuk, Vassily"]
[Black "Caruana, Fabiano"]
[Result "1/2-1/2"]
[WhiteElo "2771"]
[BlackElo "2772"]
[Annotator "Rogozenco,D"]
[PlyCount "67"]
[EventDate "2012.11.07"]
[EventType "tourn"]
[EventRounds "6"]
[EventCountry "ROU"]
[EventCategory "20"]
[SourceTitle "CBM 152"]
[Source "ChessBase"]
[SourceDate "2013.01.15"]
[SourceVersion "1"]
[SourceVersionDate "2013.01.15"]
[SourceQuality "1"]

1. e4 e5 2. Nf3 Nc6 3. Bb5 a6 4. Ba4 {Yesterday Ivanchuk had the Ruy Lopez
with the black pieces, today he tries it with White.} Nf6 5. O-O Be7 6. Re1 b5
7. Bb3 d6 8. c3 O-O 9. h3 Re8 10. d4 (10. Ng5 Rf8 11. Nf3 Re8 12. Ng5 {is a
well-known way to finish the game avoiding the 30-moves no-draw-rule, which,
by the way, is valid in Kings Tournament.}) 10... Bb7 11. Nbd2 Bf8 12. Bc2 h6
13. a3 Nb8 {Quiet strategic play is typical of the Ruy Lopez. By transferring
the knight to d7 Caruana soon gets a mix between the Zaitsev and Breyer
variations.} 14. a4 $5 {Didn't he just play a2-a3? Obviously with the knight
on b8 Ivanchuk feels that the start of direct activity on the queenside is
more justified.} Nbd7 15. Bd3 c6 16. b3 g6 17. Qc2 Nh5 18. Ba3 Nf4 19. Bf1 Rc8
20. Rad1 {White has some pressure and Caruana tries to clarify the situation
in the centre. However, as he admitted after the game, he didn't feel very
comfortable with Black's position.} exd4 ({The Italian grandmaster rejected a
move like} 20... Qc7 {(or 20...Qb6) in view of} 21. dxe5 dxe5 22. Bxf8 Rxf8 23.
b4 {with better prospects for White.}) 21. cxd4 Ne6 22. Qc3 Qb6 {Black is
ready for the advance c6-c5 now.} ({The immediate} 22... c5 {doesn't work:} 23.
axb5 cxd4 24. Qb2 axb5 25. Bxb5 {and White is clearly better}) 23. Qa1 $5 {
Amazingly, this is the best square for the queen. It influences the centre
without being exposed to Black's pieces.} Bg7 (23... c5 24. d5 {followed by
Bb2 looks better for White.}) 24. Bb2 d5 {Being under some pressure Caruana
tries to blockade the centre.} 25. a5 ({Also deserving of attention was the
immediate} 25. b4 {and Black cannot play} a5 {in view of} 26. exd5 cxd5 27.
Bxb5) 25... Qc7 26. b4 dxe4 27. Nxe4 Nf4 28. Ne5 Nd5 29. Nd3 ({Ivanchuk's deep
strategic play led to some advantage for White, but Black's position is very
solid thanks to his strong knight on d5. Possibly here is the only moment
where White could try to increase the pressure with} 29. Nc5 Nxc5 (29... Nxe5
30. dxe5 Nxb4 {runs into} 31. Rd7) 30. dxc5 h5 31. Nd3 Bxb2 32. Qxb2 Rcd8 33.
g3 {Black still has problems with his weak light-squared bishop, as the
immediate try to activate it doesn't work:} Bc8 34. Rxe8+ Rxe8 35. Bg2 Bf5 $2
36. Bxd5 {with big advantage for White.}) (29. Nxd7 Qxd7 30. Nc5 Qc7 31. Qa3
Rcd8 32. g3 Bc8 33. Bg2 Re7 {is equal.}) 29... Rcd8 30. g3 Bc8 31. Bg2 Nf8 {
Now Caruana rearranges his pieces and equalises.} 32. Qa3 Ne6 33. Ndc5 Re7 34.
Nxe6 1/2-1/2